Arrangements for SPS measures and awareness of food safety issues among producers and consumers in Ghana (Record no. 68843)

000 -LEADER
fixed length control field 00537pab a2200181 454500
008 - FIXED-LENGTH DATA ELEMENTS--GENERAL INFORMATION
fixed length control field 180718b2005 xxu||||| |||| 00| 0 eng d
100 ## - MAIN ENTRY--PERSONAL NAME
Personal name Johnson, P.N.T.
245 ## - TITLE STATEMENT
Title Arrangements for SPS measures and awareness of food safety issues among producers and consumers in Ghana
260 ## - PUBLICATION, DISTRIBUTION, ETC.
Date of publication, distribution, etc. 2005
300 ## - PHYSICAL DESCRIPTION
Extent p.83-96.
362 ## - DATES OF PUBLICATION AND/OR SEQUENTIAL DESIGNATION
Dates of publication and/or sequential designation Jul-Dec
650 ## - SUBJECT ADDED ENTRY--TOPICAL TERM
Topical term or geographic name entry element Consumers - Ghana
650 ## - SUBJECT ADDED ENTRY--TOPICAL TERM
Topical term or geographic name entry element Food supply - Ghana
650 ## - SUBJECT ADDED ENTRY--TOPICAL TERM
Topical term or geographic name entry element Food supply
700 ## - ADDED ENTRY--PERSONAL NAME
Personal name Kwadzo, G.T.M.
773 ## - HOST ITEM ENTRY
Main entry heading Afro-Asian Journal of Rural Development
909 ## -
-- 68843
Holdings
Withdrawn status Lost status Damaged status Not for loan Permanent Location Current Location Date acquired Serial Enumeration / chronology Barcode Date last seen Price effective from Koha item type
        Indian Institute of Public Administration Indian Institute of Public Administration 2018-07-19 Volume no: 38, Issue no: 2 AR69299 2018-07-19 2018-07-19 Articles

Powered by Koha